Discord members by PFP #3 - Statistics

General Stats
  • This quiz has been taken 14 times
  • The average score is 10 of 20
Answer Stats
Picture Answer % Correct
Lele
75%
Swat
75%
Formaggio
67%
Gyrule
67%
Hibasi
67%
Jakub
67%
Litheo
67%
Sealsi
67%
Cement
58%
Nate
58%
UG
58%
Adri
50%
FarNeo
42%
Gameing Man
42%
Mattman
42%
0llie
33%
Jped
33%
Someoneelse
33%
YtpO
33%
Jap
8%
No matching quizzes found
Score Distribution
Percent of People with Each Score
Percentile by Number Answered
Your Score History
You have not taken this quiz